<?xml version="1.0" encoding="UTF-8"?>
<record
    xmlns:xsi="http://www.w3.org/2001/XMLSchema-instance"
    xsi:schemaLocation="http://www.loc.gov/MARC21/slim http://www.loc.gov/standards/marcxml/schema/MARC21slim.xsd"
    xmlns="http://www.loc.gov/MARC21/slim">

  <leader>01937    a2200193   4500</leader>
  <controlfield tag="001">30059</controlfield>
  <controlfield tag="005">20260407155611.0</controlfield>
  <controlfield tag="008">260407a1968    arg                 spa d</controlfield>
  <controlfield tag="003">AR-UNSa-BCEJYS</controlfield>
  <datafield tag="040" ind1=" " ind2=" ">
    <subfield code="a">AR-UNSa-BCEJYS</subfield>
    <subfield code="b">spa</subfield>
    <subfield code="c">AR-UNSa-BCEJYS</subfield>
  </datafield>
  <datafield tag="080" ind1=" " ind2=" ">
    <subfield code="a">657.474.55</subfield>
    <subfield code="x">Costes directos e indirectos. Costes marginales
</subfield>
  </datafield>
  <datafield tag="245" ind1="1" ind2="0">
    <subfield code="a">An&#xE1;lisis de margenes, Direct Costing</subfield>
  </datafield>
  <datafield tag="264" ind1=" " ind2="1">
    <subfield code="a">Bilbao :</subfield>
    <subfield code="b">Ediciones Deusto</subfield>
    <subfield code="c">1968</subfield>
  </datafield>
  <datafield tag="300" ind1=" " ind2=" ">
    <subfield code="a">255 p.</subfield>
    <subfield code="c">22 cm.</subfield>
  </datafield>
  <datafield tag="505" ind1=" " ind2=" ">
    <subfield code="a"> 1. El direct costing punto de encuentro de los economistas y de los contables - 2. El dirct costing. El modelo de corto plazo de una fabricaci&#xF3;n industrial - Los Gastos - 3. La estandarizaci&#xF3;n de los gastos variables, el precio del costo directo standar - 4. El presupuesto de los gastos fijos, los presupuesos flexibles de los gastos de producci&#xF3;n - Los m&#xE1;rgenes brutos - 5. Programaci&#xF3;n de la rentabilidad por medio de los m&#xE1;rgenes brutos en el trabajo en ciclo continuo  - 6. La programaci&#xF3;n econ&#xF3;mica del trabajo sobre pedido - 7. El modelo econ&#xF3;mico de las fabricaciones de los productos - 8. Problemas propios de los bienes de producci&#xF3;n y de determinados bienes de consumo - 9. La incertidumbre - 10. Los factores cualitativos - Ajustes de los razonamientos de corto plazo los ajustes din&#xE1;micos - 11. Modificaci&#xF3;n del coste de factores. Movimientos din&#xE1;micos del mer cado que crece o decrece estructuralmente y se ve afectado por fluctuaciones coyunturales - 12. La guerra de precios - 13. Costes a corto plazo para desarrollar operaciones beneficiosas a largo plazo - 14. El reemplazo de las instalaciones - 15. Los aumentos de capacidad - 16. La creaci&#xF3;n de una factor&#xED;a nueva o de un taller suplementario destinado a fabricar productos conocidos - 17. La creaci&#xF3;n de una nueva factor&#xED;a para fabricar un nuevo producto - 18. El crecimiento arm&#xF3;nico</subfield>
  </datafield>
  <datafield tag="942" ind1=" " ind2=" ">
    <subfield code="c">BK</subfield>
  </datafield>
  <datafield tag="590" ind1=" " ind2=" ">
    <subfield code="a">niveau_biblio:m niveau_hierar:0</subfield>
  </datafield>
  <datafield tag="100" ind1="1" ind2=" ">
    <subfield code="a">De Bodt, G&#xE9;rard</subfield>
  </datafield>
  <datafield tag="999" ind1=" " ind2=" ">
    <subfield code="c">2001</subfield>
    <subfield code="d">2001</subfield>
  </datafield>
  <datafield tag="952" ind1=" " ind2=" ">
    <subfield code="0">0</subfield>
    <subfield code="1">0</subfield>
    <subfield code="4">0</subfield>
    <subfield code="7">0</subfield>
    <subfield code="a">BCEJYS</subfield>
    <subfield code="b">BCEJYS</subfield>
    <subfield code="c">16</subfield>
    <subfield code="d">2026-04-07</subfield>
    <subfield code="l">0</subfield>
    <subfield code="o">657.474.55 D278</subfield>
    <subfield code="p">L21615</subfield>
    <subfield code="r">2026-04-07 15:56:11</subfield>
    <subfield code="w">2026-04-07</subfield>
    <subfield code="y">L</subfield>
  </datafield>
  <datafield tag="952" ind1=" " ind2=" ">
    <subfield code="0">0</subfield>
    <subfield code="1">0</subfield>
    <subfield code="4">0</subfield>
    <subfield code="7">0</subfield>
    <subfield code="a">BCEJYS</subfield>
    <subfield code="b">BCEJYS</subfield>
    <subfield code="c">16</subfield>
    <subfield code="d">2026-04-07</subfield>
    <subfield code="l">0</subfield>
    <subfield code="o">657.474.55 D278</subfield>
    <subfield code="p">L21639</subfield>
    <subfield code="r">2026-04-07 15:56:11</subfield>
    <subfield code="w">2026-04-07</subfield>
    <subfield code="y">L</subfield>
  </datafield>
</record>
